Statistics for Masks from Legend of Zelda-Majoras Mask

Click here to take the quiz!

General Stats

  • This quiz has been taken 629 times
  • The average score is 15 of 24

Answer Stats

Hint Answer % Correct
Transforms you into a goronGoron Mask
91%
Transforms you into a dekuDeku Mask
91%
Transforms you into a zoraZora Mask
90%
Run twice as fastBunny Hood
83%
Summons Keaton for a quizKeaton Mask
83%
Transforms you into a giantGiant's Mask
81%
Attracts fairiesGreat Fairy's Mask
76%
Keeps you up all nightAll Night Mask
67%
Makes you completely inconspicuousStone Mask
66%
Transforms you into the ultimate beingFierce Deity's Mask
66%
A mask between a coupleCouple's Mask
66%
Converse with GibdosGibdo Mask
65%
Communicate with animals and gossip stonesMask of Truth
64%
Challenge Garo warriorsGaro Mask
63%
Special Mail deliveryPostman's Hat
56%
Given to find a lost sonKafei's Mask
51%
A bomb on your faceBlast Mask
50%
Communicate with frogsDon Gero's Mask
48%
Young animals followBremen Mask
44%
Command the StalchildrenCaptain's Hat
42%
Allows access to the Milk bar latteRomani's Mask
41%
Awesome sense of smellMask of Scents
38%
Affects the Gorman BrothersCircus Leader's Mask
30%
Dance like a masterKamaro Mask
25%

Score Distribution

Percentile by Number Answered

Percent of People with Each Score

Your Score History

You have not taken this quiz